[Event "Melbourne op"]
[Site "Melbourne"]
[Date "2024.04.04"]
[Round "3"]
[White "Press, Harry"]
[Black "Le, Tri Kien"]
[Result "0-1"]
[WhiteElo "2124"]
[BlackElo "2261"]
[PlyCount "104"]
[EventDate "2024.04.03"]
[EventType "swiss"]
[EventRounds "9"]
[EventCountry "AUS"]
[SourceTitle "CB18_2024"]
[SourceDate "2024.05.01"]
[SourceVersion "1"]
[SourceVersionDate "2024.05.01"]
[SourceQuality "2"]

1. e4 c5 2. Nf3 d6 3. Bb5+ Nd7 4. d4 Ngf6 5. 0-0 cxd4 6. Qxd4 e5 7. Qd3 h6 8. c4 a6 9. Bxd7+ Bxd7 10. Nc3 Be7 11. Rd1 Rc8 12. b3 0-0 13. a4 Be6 14. Ba3 Qa5 15. Rac1 b5 16. Qd2 b4 17. Nd5 Bxd5 18. exd5 Rb8 19. Re1 Qc5 20. Bb2 Bd8 21. Rc2 Nd7 22. Rf1 Bb6 23. Kh1 Qc7 24. Qd1 Nc5 25. Re2 Rbe8 26. Bc1 f5 27. Be3 Ne4 28. Qc2 a5 29. Ree1 Bxe3 30. Rxe3 Nc5 31. Ree1 Qf7 32. Ng1 Qf6 33. Ne2 e4 34. Rd1 f4 35. Nd4 Re5 36. Ne6 f3 37. Rg1 Nxe6 38. dxe6 Qxe6 39. Qd2 Rf6 40. Qe3 Rh5 41. Rd4 Qe5 42. h3 fxg2+ 43. Kxg2 Rh4 44. Rd5 Qe6 45. Kf1 Rxh3 46. Qa7 g5 47. Qb8+ Kh7 48. Qc7+ Rf7 49. Rxd6 Qf5 50. Qb6 e3 51. Rg2 Rh1+ 52. Ke2 Qf3+ 0-1

[Event "Sydney NSW op"]
[Site "Sydney"]
[Date "2023.06.11"]
[Round "4"]
[White "Press, Harry"]
[Black "Lane, Gary William"]
[Result "0-1"]
[WhiteElo "2077"]
[BlackElo "2335"]
[PlyCount "104"]
[EventDate "2023.06.10"]
[EventType "swiss"]
[EventRounds "7"]
[EventCountry "AUS"]
[SourceTitle "CBM 214 Extra"]
[Source "ChessBase"]
[SourceDate "2023.07.31"]
[SourceVersion "1"]
[SourceVersionDate "2023.07.31"]
[SourceQuality "1"]

1. e4 e5 2. Nf3 Nc6 3. Bb5 a6 4. Ba4 Nf6 5. 0-0 b5 6. Bb3 Bb7 7. d3 Bc5 8. Nc3 0-0 9. a3 h6 10. Nd5 Re8 11. Be3 Bf8 12. h3 d6 13. Nxf6+ Qxf6 14. Bd5 Nd8 15. Bxb7 Nxb7 16. a4 Qe6 17. c3 c5 18. Re1 Na5 19. axb5 axb5 20. d4 exd4 21. cxd4 Nc4 22. b3 Rxa1 23. Qxa1 Nxe3 24. Rxe3 Qc8 25. Qa5 Qb7 26. dxc5 dxc5 27. e5 c4 28. Qa2 Bc5 29. Re2 c3 30. b4 Bxb4 31. Qb3 Bf8 32. Qxc3 b4 33. Qb3 Qb6 34. Re4 Bc5 35. Kh2 Qe6 36. Rxb4 Bxb4 37. Qxb4 g6 38. Qd2 Kg7 39. Qd4 Rc8 40. Qe4 Qc6 41. Qd4 Qc5 42. Qb2 Kh7 43. h4 Qc2 44. Qd4 Qc4 45. Qe3 Qg4 46. Qd2 Qf5 47. Qe3 Rd8 48. Nd4 Qg4 49. Nf3 Qc4 50. Kg3 Rd3 51. Qb6 g5 52. hxg5 hxg5 0-1

[Event "Doeberl Cup"]
[Site "Canberra"]
[Date "2023.04.08"]
[Round "5"]
[White "Fernandez, Daniel Howard"]
[Black "Press, Harry"]
[Result "1-0"]
[WhiteElo "2512"]
[BlackElo "2078"]
[PlyCount "139"]
[EventDate "2023.04.06"]
[EventType "swiss"]
[EventRounds "9"]
[EventCountry "AUS"]
[SourceTitle "CBM 213 Extra"]
[Source "ChessBase"]
[SourceDate "2023.05.31"]
[SourceVersion "1"]
[SourceVersionDate "2023.05.31"]
[SourceQuality "1"]

1. Nf3 d5 2. g3 g6 3. Bg2 Bg7 4. 0-0 e5 5. c4 Ne7 6. cxd5 Nxd5 7. Nc3 0-0 8. d3 Nb6 9. Be3 Nc6 10. Qd2 Re8 11. Bh6 Be6 12. Bxg7 Kxg7 13. Ng5 Rb8 14. Nxe6+ Rxe6 15. Ne4 Qe7 16. Rac1 Nd7 17. b4 a6 18. a4 f5 19. Ng5 Rd6 20. f4 exf4 21. gxf4 Nf6 22. Nf3 Re6 23. Rfe1 Qd6 24. b5 axb5 25. axb5 Nd4 26. Nxd4 Qxd4+ 27. e3 Qb6 28. Qc3 c6 29. Qc5 Qxb5 30. Qxb5 cxb5 31. Bf3 Rd8 32. d4 Rd7 33. Kf2 Rb6 34. Rc5 Ne8 35. Be2 Nd6 36. Bd3 Kf6 37. Rb1 Rd8 38. Ke2 Ra8 39. Rb2 Ra1 40. Kd2 Rh1 41. Kc3 Re1 42. Re5 b4+ 43. Rxb4 Rxb4 44. Kxb4 Nf7 45. Rb5 Rxe3 46. Rb6+ Ke7 47. Rxb7+ Kd6 48. Bc4 Nd8 49. Rb6+ Kc7 50. Ra6 Re4 51. Bd5 Rxd4+ 52. Kc5 Rxf4 53. Ra7+ Kc8 54. Rxh7 Rf1 55. h4 Rf2 56. Kd6 Rb2 57. Rg7 Rb4 58. Rg8 Rb6+ 59. Ke7 Kc7 60. Rxd8 Rb4 61. Rh8 Rg4 62. Rh7 Kb6 63. Kd6 Rd4 64. Rb7+ Ka6 65. Rb8 Ka7 66. Rc8 Rd2 67. Rg8 Rh2 68. Kc5 Rc2+ 69. Kb5 Rb2+ 70. Ka5 1-0

[Event "Doeberl Cup 59th"]
[Site "Canberra"]
[Date "2022.04.15"]
[Round "3"]
[White "Press, Harry"]
[Black "Banerjee, Niki"]
[Result "1/2-1/2"]
[WhiteElo "2114"]
[BlackElo "2043"]
[PlyCount "77"]
[EventDate "2022.04.14"]
[EventType "swiss"]
[EventRounds "9"]
[EventCountry "AUS"]
[SourceTitle "CBM 207 Extra"]
[Source "ChessBase"]
[SourceDate "2022.05.31"]
[SourceVersion "1"]
[SourceVersionDate "2022.05.31"]
[SourceQuality "1"]

1. e4 d5 2. exd5 Qxd5 3. Nc3 Qa5 4. d4 Nf6 5. Nf3 c6 6. Ne5 Bf5 7. Bc4 e6 8. Bd2 Nbd7 9. Qe2 Qc7 10. Nxd7 Nxd7 11. g4 Bg6 12. 0-0-0 0-0-0 13. Bg5 Nf6 14. Qf3 h5 15. h3 hxg4 16. hxg4 Rxh1 17. Qxh1 Qa5 18. Bxf6 gxf6 19. Qf3 Bh6+ 20. Kb1 f5 21. Qe2 Rd6 22. d5 cxd5 23. Qe5 Bf8 24. gxf5 Bxf5 25. Bxd5 Qc7 26. Rd4 f6 27. Qe2 exd5 28. Nb5 Qc5 29. b4 Qxc2+ 30. Qxc2+ Bxc2+ 31. Kxc2 Rb6 32. Rxd5 a6 33. Nd4 Bxb4 34. Rh5 Rd6 35. Nb3 Kd7 36. f3 Re6 37. Kd3 b6 38. Nd4 Rd6 39. Ke4 1/2-1/2

[Event "Gibraltar Challenger op-A"]
[Site "Caleta"]
[Date "2017.01.26"]
[Round "4"]
[White "Press, Harry"]
[Black "Byrn, Carsten"]
[Result "1-0"]
[WhiteElo "1892"]
[BlackElo "2003"]
[PlyCount "81"]
[EventDate "2017.01.23"]
[EventType "swiss"]
[EventRounds "5"]
[EventCountry "GGB"]
[SourceTitle "CBM 176 Extra"]
[Source "ChessBase"]
[SourceDate "2017.03.02"]
[SourceVersion "1"]
[SourceVersionDate "2017.03.02"]
[SourceQuality "1"]

1. d4 Nf6 2. c4 c5 3. d5 b5 4. Nf3 g6 5. cxb5 a6 6. e3 Bg7 7. Nc3 0-0 8. Be2 e6 9. 0-0 exd5 10. bxa6 Nxa6 11. Nxd5 Nxd5 12. Qxd5 Rb8 13. e4 Bb7 14. Qd6 Re8 15. Rd1 Rxe4 16. Bxa6 Re6 17. Qxd7 Qxd7 18. Rxd7 Bxa6 19. Bf4 Rbe8 20. Be3 Bxb2 21. Rb1 Ba3 22. Ra7 Rc6 23. Ng5 c4 24. Nxf7 Bf8 25. Bh6 c3 26. Bxf8 Kxf8 27. Nh6 Bc4 28. h3 c2 29. Rc1 Bg8 30. Ng4 Be6 31. Ne3 Bf5 32. Rb7 Rxe3 33. fxe3 h5 34. Kf2 Be4 35. Rb4 Bd3 36. Rd4 Bf5 37. e4 Be6 38. Rd2 Bxa2 39. Rcxc2 Rf6+ 40. Ke3 Bb1 41. Rc7 1-0

[Event "Hastings Masters op 92nd"]
[Site "Hastings"]
[Date "2017.01.02"]
[Round "6"]
[White "Press, Harry"]
[Black "Batchelor, Paul A"]
[Result "1/2-1/2"]
[WhiteElo "1826"]
[BlackElo "1965"]
[PlyCount "121"]
[EventDate "2016.12.28"]
[EventType "swiss"]
[EventRounds "9"]
[EventCountry "ENG"]
[SourceTitle "CBM 176 Extra"]
[Source "ChessBase"]
[SourceDate "2017.03.02"]
[SourceVersion "1"]
[SourceVersionDate "2017.03.02"]
[SourceQuality "1"]

1. d4 Nf6 2. c4 g6 3. Nc3 Bg7 4. e4 d6 5. f3 0-0 6. Be3 Nc6 7. Nge2 a6 8. Qd2 Bd7 9. Ng3 e5 10. d5 Nd4 11. Bxd4 exd4 12. Nce2 c5 13. dxc6 bxc6 14. Nxd4 c5 15. Nc2 Ne8 16. Rb1 h5 17. Bd3 h4 18. Ne2 Rb8 19. Ne3 h3 20. g3 Qf6 21. Nd5 Qxf3 22. Rf1 Qh5 23. Ne7+ Kh7 24. e5 Qxe5 25. Nd5 Nf6 26. Kd1 Nxd5 27. cxd5 Bb5 28. Nc3 Bxd3 29. Qxd3 Qd4 30. Kc2 Qxd3+ 31. Kxd3 f5 32. Rf4 g5 33. Ra4 Rb6 34. b3 Bxc3 35. Kxc3 Re8 36. Rd1 Re2 37. Rd2 Re3+ 38. Rd3 Re2 39. Rd2 Re5 40. g4 f4 41. Rd3 Kg6 42. Rxh3 Rxd5 43. Rf3 Re5 44. h4 gxh4 45. Rfxf4 Kg5 46. Rf8 d5 47. Raf4 Rg6 48. Rf1 Kxg4 49. Rg1+ Kh5 50. Rh8+ Rh6 51. Rhg8 Rf5 52. Kd2 a5 53. a4 Re5 54. R1g2 Rf5 55. Rg1 Re5 56. R1g2 Rf6 57. Rh8+ Rh6 58. Rhg8 Rf5 59. Rg1 Rf2+ 60. Ke3 Rf5 61. Kd2 1/2-1/2

[Event "London Classic Super rapid 8th"]
[Site "London"]
[Date "2016.12.17"]
[Round "1"]
[White "Bok, Benjamin"]
[Black "Press, Harry"]
[Result "1/2-1/2"]
[WhiteElo "2598"]
[BlackElo "1826"]
[PlyCount "76"]
[EventDate "2016.12.17"]
[EventType "swiss (rapid)"]
[EventRounds "10"]
[EventCountry "ENG"]
[SourceTitle "CBM 176 Extra"]
[Source "ChessBase"]
[SourceDate "2017.03.02"]
[SourceVersion "1"]
[SourceVersionDate "2017.03.02"]
[SourceQuality "1"]

1. d4 Nf6 2. c4 c5 3. d5 b5 4. cxb5 a6 5. bxa6 g6 6. Nc3 Bxa6 7. e4 Bxf1 8. Kxf1 d6 9. Nf3 Nbd7 10. g3 Bg7 11. Kg2 0-0 12. Qc2 Qa5 13. Bd2 Rfb8 14. Rhb1 Nb6 15. b3 Nfd7 16. Nd1 Qb5 17. Bc3 Bxc3 18. Nxc3 Qb4 19. Nd2 Ne5 20. a4 Qd4 21. Nb5 Qd3 22. Rc1 Qxc2 23. Rxc2 Nxd5 24. exd5 Rxb5 25. axb5 Rxa1 26. b4 Nd3 27. b6 Ra8 28. bxc5 Nxc5 29. Rb2 Kf8 30. Nb3 Na4 31. b7 Rb8 32. Ra2 Rxb7 33. Rxa4 Rxb3 34. Rd4 Kg7 35. Re4 Kf6 36. Rf4+ Kg7 37. Re4 Kf6 38. Rf4+ Kg7 1/2-1/2